000 00362nam a22001577a 4500
005 20260326182437.0
008 160628b xxu||||| |||| 00| 0 eng d
020 _a81-8131-098-5
041 _aeng
082 _b10714
245 _aBritannica Ready Reference Encylo padia
260 _bImpulse
300 _a276
650 _aEncyclopaedia
_92956
942 _cBK
999 _c4376
_d4375